Statistics for N Vocabulary Words Quiz #2

Click here to take the quiz!

General Stats

  • This quiz has been taken 36,282 times
  • The average score is 14 of 22

Answer Stats

DefinitionWord% Correct
Unable to feelNumb
93%
Sound made by a horseNeigh
91%
Female version of monkNun
91%
Stealthly Japanese assassinNinja
89%
One billionth of a secondNanosecond
86%
ArchenemyNemesis
86%
Drink of the godsNectar
79%
Pertaining to the noseNasal
75%
Excessive self-absorption and egotismNarcissism
67%
Opposite of diurnalNocturnal
66%
Type of whale with a long, single tuskNarwhal
64%
Common metallic elementNickel
63%
Unworldly; gullibleNaive
59%
Refers to a drink served without iceNeat
55%
Pertaining to newbornsNeonatal
49%
System where personal connections
are rewarded above merit
Nepotism
47%
Reading is to literacy as math is to ...Numeracy
44%
Confection made with sugar,
nuts, and egg whites
Nougat
44%
Essential vitamin also known as B3Niacin
43%
The part of a church that leads to the altarNave
37%
Minor female deity in Greek mythologyNymph
27%
Bird's beakNeb
14%

Score Distribution

Percentile by Number Answered

Percent of People with Each Score

Your Score History

You have not taken this quiz